| 000 | 00663nam a22001937a 4500 | ||
|---|---|---|---|
| 003 | koha_MIRAKIL | ||
| 005 | 20260417131740.0 | ||
| 008 | 260417b tur||||| |||| 00| 0 tur d | ||
| 020 | _a9786256915572 | ||
| 040 |
_aTR-IsEVY _btur _cTR-IsEVY |
||
| 082 | _aFIC ÇET/D | ||
| 100 | _aÇetinel, Füsun | ||
| 245 | 0 |
_aDikkat insan çıkabilir ! / _cFüsun Çetinel ; resimleyen Cansu Dinç. |
|
| 260 |
_aİstanbul : _bGünışığı Kitaplığı, _c2025. |
||
| 300 |
_a35 s. : _brenkli resimli ; _c23 cm. |
||
| 650 |
_aÇocuk Edebiyatı. _vResimli Kitaplar. _vÇevre Kirliliği. _vMevsimler. _vKış Uykusu. |
||
| 700 | 1 |
_aDinç, Cansu. _cresimleyen. |
|
| 942 |
_2ddc _cBK |
||
| 999 |
_c23516 _d23516 |
||